Statistics for Countries that Visit Chile the Most

Click here to take the quiz!

General Stats

  • This quiz has been taken 114 times
  • The average score is 9 of 10

Answer Stats

VisitsCountry% Correct
2,065,557Argentina
100%
463,953Brazil
99%
364,399Peru
98%
213,919United States
98%
102,038Colombia
92%
419,737Bolivia
91%
83,039Spain
88%
71,236France
88%
74,427Germany
82%
53,909Australia
81%

Score Distribution

Percentile by Number Answered

Percent of People with Each Score

Your Score History

You have not taken this quiz